000 01168cam a22002537a 4500
001 3377
005 20250604102241.0
020 _a9781612360218
040 _aDLC
_cDLC
_dDLC
_beng
050 0 0 _aPZ7.K373
082 _a813
100 1 _aKarapetkova, Holly
245 1 0 _aHoot's on first? /
_cby Holly Karapetkova ; illustrated by Bob Reese.
260 _aVero Beach :
_bRourke Publishing ,
_c2012
300 _a24 pages :
_bcolor illustrations ;
_c21 cm.
490 0 _aLittle birdie books
505 _aG
520 _aThe 24-page book, Hoot's On First, introduces early learners to teacher-focused concepts that will help them gain important reading comprehension and social skills. The vibrant illustrations and engaging leveled text in the Little Birdie Books' Leveled Readers work together to tell fun stories while supporting early readers. Featuring grade-appropriate vocabulary and activities, these books help children develop essential skills for reading proficiency.
521 _a420
_bLexile
521 _aG
_bRaz-Plus
700 1 _aReese, Bob
_eillustrator
906 _a0
_bibc
_corignew
_d4
_eepcn
_f20
_gy-gencatlg
942 _2ddc
_cBK
_n0
999 _c3377
_d3377